000 00302nam a22001337a 4500
020 _a978-8177541878
041 _aENG
100 _aAylward
245 _aFood Technology Processing & Laborahory Conlrol
260 _aDelhi
_bOxlord & IBH Ltd
_c1999
300 _a297
650 _aAPE
856 _uAPE
999 _c534
_d534